[Event "DEM U16 2000"]
[Site "Überlingen GER"]
[Date "2000.06.05"]
[Round "3"]
[White "Klinger, Sebastian"]
[Black "Kapp, Martin"]
[Result "1-0"]
[Termination "normal"]
[Board "6"]
[WhiteElo "2172"]
[BlackElo "1817"]
[PlyCount "91"]
[WhiteFideId "4667549"]
[EventCountry "GER"]
[EventRounds "9"]
[EventType "swiss"]
[EventDate "2000.06.03"]

1. d4 Nf6 2. Nf3 d6 3. g3 Nbd7 4. Bg2 e5 5. dxe5 dxe5 6. O-O Be7 7. c4 O-O 8.
Nc3 c6 9. Qc2 Qc7 10. a3 a5 11. Rb1 Nb6 12. Nd1 Be6 13. Ne3 Ng4 14. Nxg4 Bxg4
15. Be3 f6 16. Qb3 Ra6 17. Rbc1 a4 18. Qc2 Be6 19. Nd2 Nd7 20. Ne4 Nb6 21. Nc5
Bxc5 22. Bxc5 Rd8 23. Be4 h6 24. Bxb6 Qxb6 25. Bg2 Rd4 26. Qg6 Qd8 27. Be4 Rb6
28. Rc2 Kf8 29. f4 Bh3 30. Qh7 Bxf1 31. Bg6 c5 32. Qh8+ Ke7 33. Qxg7+ Ke6 34.
f5+ Kd6 35. Kxf1 Kc6 36. Kg2 Rb3 37. Qxh6 Kb6 38. Bf7 Rd1 39. Bd5 Rb1 40. Qg7
Ka6 41. Rd2 Ka5 42. Bxb7 Qb6 43. Rd7 R1xb2 44. Bf3 Ka6 45. Qf8 Rxe2+ 46. Kh3
1-0

[Event "DEM U16 2000"]
[Site "Überlingen GER"]
[Date "2000.06.05"]
[Round "3"]
[White "Scalisi, Carmelo"]
[Black "Wehner, Roland"]
[Result "0-1"]
[Termination "normal"]
[Board "7"]
[WhiteElo "1842"]
[BlackElo "1976"]
[PlyCount "60"]
[BlackFideId "4683161"]
[EventCountry "GER"]
[EventRounds "9"]
[EventType "swiss"]
[EventDate "2000.06.03"]

1. d4 e6 2. c4 Nf6 3. Nc3 Bb4 4. Qc2 d5 5. Bg5 dxc4 6. Nf3 b5 7. e4 h6 8. Bxf6
Qxf6 9. e5 Qe7 10. Qe4 c6 11. Be2 Bb7 12. Qg4 O-O 13. O-O Bxc3 14. bxc3 Nd7 15.
Nd2 c5 16. Rab1 a6 17. Bxc4 Rfd8 18. Rfe1 cxd4 19. cxd4 bxc4 20. Rxb7 c3 21.
Nb3 Nxe5 22. Qe4 Nd7 23. d5 Rac8 24. Na5 Nc5 25. Qb4 Qd6 26. dxe6 Qxe6 27. Qb1
c2 28. Qc1 Qxe1+ 29. Qxe1 Rd1 30. Re7 Ne6 0-1

[Event "DEM U16 2000"]
[Site "Überlingen GER"]
[Date "2000.06.05"]
[Round "3"]
[White "Berrang, Gerritt"]
[Black "Nguyen, Hoang"]
[Result "1-0"]
[Termination "normal"]
[Board "8"]
[WhiteElo "1828"]
[BlackElo "1955"]
[PlyCount "59"]
[EventCountry "GER"]
[EventRounds "9"]
[EventType "swiss"]
[EventDate "2000.06.03"]

1. e4 g6 2. d4 Bg7 3. Be3 d6 4. Nc3 Nf6 5. f3 O-O 6. Bc4 Nc6 7. Nge2 e5 8. Qd2
Nd7 9. d5 Ne7 10. g4 f5 11. gxf5 gxf5 12. O-O-O f4 13. Bf2 Nf6 14. h4 Nh5 15.
Rdg1 Kh8 16. Rg5 Qe8 17. Nb5 h6 18. Nxc7 Qd8 19. Nxa8 hxg5 20. hxg5 Bd7 21.
Rxh5+ Kg8 22. Qb4 Be8 23. Rh1 Qxa8 24. Qxd6 b5 25. Bb3 Qb7 26. Bc5 Nc8 27. Qe6+
Bf7 28. Qh3 Bg6 29. d6+ Rf7 30. d7 1-0

[Event "DEM U16 2000"]
[Site "Überlingen GER"]
[Date "2000.06.05"]
[Round "3"]
[White "Zentgraf, Robert"]
[Black "Schlawin, Marlon"]
[Result "1-0"]
[Termination "normal"]
[Board "9"]
[WhiteElo "1744"]
[BlackElo "1870"]
[PlyCount "77"]
[WhiteFideId "4676483"]
[BlackFideId "4675584"]
[EventCountry "GER"]
[EventRounds "9"]
[EventType "swiss"]
[EventDate "2000.06.03"]

1. e4 Nf6 2. e5 Nd5 3. c4 Nb6 4. d4 d6 5. exd6 cxd6 6. Nf3 g6 7. Nc3 Bg7 8. Be3
O-O 9. Be2 Nc6 10. O-O Bg4 11. b3 d5 12. c5 Nc8 13. h3 Bxf3 14. Bxf3 e6 15. Rb1
N8e7 16. Ne2 Nf5 17. Bg4 Nxe3 18. fxe3 h5 19. Bf3 Bh6 20. Nf4 Bxf4 21. exf4 Qf6
22. b4 Qxf4 23. Bxh5 Qe3+ 24. Kh1 gxh5 25. Qxh5 Ne7 26. Qg4+ Ng6 27. Rbe1 Qh6
28. Rf6 Qg7 29. Rexe6 Nh4 30. Re7 Qxg4 31. hxg4 b6 32. Rd7 bxc5 33. dxc5 Rab8
34. a3 a5 35. c6 axb4 36. c7 Ra8 37. axb4 Kg7 38. g5 Ra2 39. Rdxf7+ 1-0

[Event "DEM U16 2000"]
[Site "Überlingen GER"]
[Date "2000.06.05"]
[Round "3"]
[White "Schlichthaar, Robert"]
[Black "Ladinzon, Igor"]
[Result "1-0"]
[Termination "normal"]
[Board "10"]
[WhiteElo "1925"]
[BlackElo "2170"]
[PlyCount "45"]
[WhiteFideId "4672763"]
[BlackFideId "4663020"]
[EventCountry "GER"]
[EventRounds "9"]
[EventType "swiss"]
[EventDate "2000.06.03"]

1. e4 c5 2. Nf3 Nc6 3. Bb5 d6 4. O-O Bd7 5. Re1 g6 6. c3 Bg7 7. d4 cxd4 8. cxd4
Qb6 9. Nc3 Nf6 10. h3 O-O 11. e5 Ne8 12. Be3 d5 13. a4 e6 14. Bg5 Qc7 15. Rc1
a6 16. Bf1 Qb6 17. Rb1 Rc8 18. Qd2 f6 19. exf6 Nxf6 20. Rbd1 Qb4 21. Ne5 Rce8
22. Bxf6 Bxf6 23. Nxd7 1-0

[Event "DEM U16 2000"]
[Site "Überlingen GER"]
[Date "2000.06.05"]
[Round "3"]
[White "Kozul, Boris"]
[Black "Friedt, Eduard"]
[Result "1/2-1/2"]
[Termination "normal"]
[Board "11"]
[WhiteElo "1812"]
[BlackElo "1633"]
[PlyCount "193"]
[EventCountry "GER"]
[EventRounds "9"]
[EventType "swiss"]
[EventDate "2000.06.03"]

1. e4 c5 2. Nf3 d6 3. d4 cxd4 4. Nxd4 Nf6 5. Nc3 g6 6. Be3 Bg7 7. f3 O-O 8. Qd2
Nc6 9. O-O-O Nxd4 10. Bxd4 Be6 11. Kb1 Qc7 12. g4 Rfc8 13. g5 Nh5 14. Bxg7 Nxg7
15. Nd5 Bxd5 16. exd5 Qc5 17. Bh3 Rc7 18. f4 Re8 19. c3 f5 20. Bg2 Qc4 21. h4
Nh5 22. Bf3 Qxf4 23. Qxf4 Nxf4 24. Rd4 e5 25. dxe6 Nxe6 26. Rxd6 Nc5 27. Bd5+
Kg7 28. h5 Ne4 29. Bxe4 fxe4 30. hxg6 hxg6 31. Rh6 e3 32. Rdxg6+ Kf7 33. Rf6+
Kg7 34. Re6 Rce7 35. Rxe7+ Rxe7 36. Rh1 Kg6 37. Kc2 Kxg5 38. Kd3 Kf4 39. Rf1+
Ke5 40. Kxe3 Kd6+ 41. Kd3 Re6 42. Rf7 Kc6 43. b4 a6 44. a4 Rg6 45. Re7 Rd6+ 46.
Kc2 Rg6 47. Re8 Kd7 48. Re5 b6 49. a5 Kd6 50. Rf5 Kc6 51. Kb3 b5 52. Rc5+ Kb7
53. Kc2 Rg2+ 54. Kd3 Rg3+ 55. Ke4 Rg4+ 56. Kf5 Rg3 57. Kf6 Re3 58. Kf5 Rg3 59.
Ke4 Rg4+ 60. Kf3 Rh4 61. Kg3 Rh7 62. Rf5 Rc7 63. Rf3 Rc4 64. Kf2 Rc7 65. Ke2
Rc4 66. Kd2 Rg4 67. Re3 Rg2+ 68. Kd3 Rg7 69. Re5 Rd7+ 70. Ke4 Rc7 71. Rc5 Rh7
72. Kd3 Rh3+ 73. Kc2 Rh2+ 74. Kb3 Rh3 75. Rg5 Rh6 76. Rg7+ Kb8 77. Re7 Rc6 78.
Kc2 Rc4 79. Kd3 Rc6 80. Re4 Kb7 81. c4 bxc4+ 82. Rxc4 Rh6 83. Rd4 Rh3+ 84. Kc4
Rh7 85. b5 axb5+ 86. Kxb5 Rh5+ 87. Kb4 Rh1 88. Rd7+ Ka6 89. Rd8 Rh4+ 90. Kc5
Rh5+ 91. Kb4 Rh4+ 92. Kc5 Rh5+ 93. Kc6 Rh6+ 94. Kc5 Rh5+ 95. Kb4 Rh4+ 96. Kc5
Rh5+ 97. Kc6 1/2-1/2

[Event "DEM U16 2000"]
[Site "Überlingen GER"]
[Date "2000.06.05"]
[Round "3"]
[White "Hintz, Bastian"]
[Black "Buchwald, Stefan"]
[Result "0-1"]
[Termination "normal"]
[Board "12"]
[WhiteElo "1737"]
[BlackElo "1610"]
[PlyCount "66"]
[EventCountry "GER"]
[EventRounds "9"]
[EventType "swiss"]
[EventDate "2000.06.03"]

1. e4 c5 2. Nf3 Nc6 3. d4 cxd4 4. Nxd4 e5 5. Nb5 a6 6. Nd6+ Bxd6 7. Qxd6 Qf6 8.
Qd1 Qg6 9. Nc3 Nge7 10. Be3 d5 11. Nxd5 Nxd5 12. Qxd5 Be6 13. Qd2 Rd8 14. Bd3
Qxg2 15. O-O-O g6 16. Kb1 f6 17. h4 f5 18. Rdg1 Qf3 19. Qe1 fxe4 20. Be2 Qf7
21. h5 Kd7 22. hxg6 hxg6 23. Rxh8 Rxh8 24. Qd2+ Kc7 25. Bg5 Bxa2+ 26. Ka1 Bc4
27. Bg4 Be6 28. Be2 Qxf2 29. Rd1 Qd4 30. Qe1 Qa4+ 31. Kb1 Qa2+ 32. Kc1 Qa1+ 33.
Kd2 Qxb2 0-1

[Event "DEM U16 2000"]
[Site "Überlingen GER"]
[Date "2000.06.06"]
[Round "4"]
[White "Rau, Hannes"]
[Black "Feige, Manuel"]
[Result "1/2-1/2"]
[Termination "normal"]
[Board "1"]
[WhiteElo "2227"]
[BlackElo "2246"]
[PlyCount "177"]
[WhiteFideId "4657594"]
[BlackFideId "4656350"]
[EventCountry "GER"]
[EventRounds "9"]
[EventType "swiss"]
[EventDate "2000.06.03"]

1. d4 Nf6 2. c4 g6 3. Nc3 Bg7 4. e4 d6 5. Nf3 O-O 6. Be2 e5 7. Be3 exd4 8. Nxd4
c6 9. f3 Re8 10. Bf2 d5 11. exd5 cxd5 12. c5 Na6 13. c6 bxc6 14. Nxc6 Qc7 15.
Nd4 Qb7 16. Qd2 Nc7 17. O-O Ne6 18. Ncb5 Bf8 19. Rac1 Bd7 20. Nxe6 Bxb5 21.
Bxb5 Rxe6 22. Bd3 Bb4 23. Qc2 Ba5 24. Rfd1 Bb6 25. Bf1 a5 26. a4 Rd8 27. Bd4
Ne8 28. Bb5 Ng7 29. Bxb6 Qxb6+ 30. Qc5 d4 31. Qxb6 Rxb6 32. Rc7 Rbd6 33. Ra7
Nf5 34. Rxa5 d3 35. Ra6 Rd4 36. Kf2 d2 37. Rc6 h5 38. Rc2 R8d6 39. a5 R4d5 40.
a6 Rxb5 41. Rc8+ Kg7 42. a7 Ra6 43. a8=Q Rxa8 44. Rxa8 Rxb2 45. Rd8 h4 46.
R1xd2 Rb1 47. Rd1 Rb2+ 48. R8d2 Rb4 49. Re2 Rb7 50. Ra1 Rc7 51. Rd2 Rb7 52. Ra3
Rc7 53. f4 Rc1 54. Rh3 Rc4 55. Kf3 Rc3+ 56. Kg4 Nh6+ 57. Kxh4 Nf5+ 58. Kg5 f6+
59. Kg4 Nh6+ 60. Rxh6 Kxh6 61. g3 Rc6 62. Rd7 Rc2 63. h3 Rc4 64. Rd3 Rc5 65.
Kf3 g5 66. Rd6 Kg6 67. fxg5 Rxg5 68. h4 Ra5 69. Rd4 Ra3+ 70. Kg4 Ra5 71. Rf4
Rb5 72. h5+ Kg7 73. Kh4 Rb1 74. Rg4+ Kf7 75. Rf4 Kg7 76. Rf2 Rb4+ 77. g4 Rb7
78. Rf3 Rc7 79. Rh3 Rb7 80. Kg3 Rb3+ 81. Kg2 Rb2+ 82. Kf1 Rb1+ 83. Ke2 Rb2+ 84.
Kd1 Rg2 85. h6+ Kh7 86. Rh4 f5 87. gxf5 Rg5 88. Rf4 Kxh6 89. Ke2 1/2-1/2

[Event "DEM U16 2000"]
[Site "Überlingen GER"]
[Date "2000.06.06"]
[Round "4"]
[White "Helm, Leonie"]
[Black "Balcerak, Philipp"]
[Result "1-0"]
[Termination "normal"]
[Board "2"]
[WhiteElo "2157"]
[BlackElo "2073"]
[PlyCount "35"]
[WhiteFideId "4656741"]
[BlackFideId "4655036"]
[EventCountry "GER"]
[EventRounds "9"]
[EventType "swiss"]
[EventDate "2000.06.03"]

1. e4 c5 2. Nf3 d6 3. d4 cxd4 4. Nxd4 Nf6 5. Nc3 a6 6. Rg1 Nc6 7. g4 Nxd4 8.
Qxd4 Nxg4 9. Nd5 Ne5 10. Qc3 Bg4 11. Rxg4 Nxg4 12. Nc7+ Kd7 13. Nxa8 Ne5 14.
Bf4 Ng6 15. Bxd6 Qxa8 16. Bc7 e6 17. O-O-O+ Ke7 18. e5 1-0

[Event "DEM U16 2000"]
[Site "Überlingen GER"]
[Date "2000.06.06"]
[Round "4"]
[White "Schaffer, Hendrik"]
[Black "Gasthofer, Alexander"]
[Result "0-1"]
[Termination "normal"]
[Board "3"]
[WhiteElo "2113"]
[BlackElo "2212"]
[PlyCount "68"]
[WhiteFideId "4663080"]
[BlackFideId "4655150"]
[EventCountry "GER"]
[EventRounds "9"]
[EventType "swiss"]
[EventDate "2000.06.03"]

1. d4 d6 2. c4 e5 3. d5 Be7 4. Nc3 a5 5. Nf3 Na6 6. e4 Bg4 7. Be2 Bxf3 8. Bxf3
Nc5 9. O-O Bg5 10. Be3 Bxe3 11. fxe3 Qg5 12. Qe2 Nf6 13. b3 h5 14. Rf2 Qh6 15.
g3 h4 16. Rg2 hxg3 17. Rxg3 Ke7 18. Re1 g5 19. Qg2 Rag8 20. Re2 Qg6 21. h3 Rh4
22. Rg4 Nxg4 23. Bxg4 Nd7 24. Rf2 Nf6 25. Bf5 Qh5 26. Qf3 g4 27. Bxg4 Nxg4 28.
hxg4 Rhxg4+ 29. Kf1 Rg1+ 30. Ke2 Qxf3+ 31. Kxf3 R8g3+ 32. Ke2 R3g2 33. Rxg2
Rxg2+ 34. Kd3 Rb2 0-1

[Event "DEM U16 2000"]
[Site "Überlingen GER"]
[Date "2000.06.06"]
[Round "4"]
[White "Wehner, Roland"]
[Black "Klinger, Sebastian"]
[Result "0-1"]
[Termination "normal"]
[Board "5"]
[WhiteElo "1976"]
[BlackElo "2172"]
[PlyCount "52"]
[WhiteFideId "4683161"]
[BlackFideId "4667549"]
[EventCountry "GER"]
[EventRounds "9"]
[EventType "swiss"]
[EventDate "2000.06.03"]

1. e4 e6 2. d4 d5 3. Nc3 Bb4 4. Nge2 dxe4 5. a3 Bxc3+ 6. Nxc3 f5 7. f3 exf3 8.
Qxf3 Qxd4 9. Nb5 Qe5+ 10. Be2 Na6 11. Bf4 Qxb2 12. Rd1 Nf6 13. Bxc7 O-O 14. Bd6
Re8 15. Nd4 Qb6 16. Be5 Ng4 17. Bg3 e5 18. Qd5+ Kh8 19. Bxg4 exd4+ 20. Be2 f4
21. Bxf4 Bg4 22. Rd2 Qb1+ 23. Kf2 Qxh1 24. Be5 Rxe5 25. Qxe5 Rf8+ 26. Kg3 Qe1+
0-1

[Event "DEM U16 2000"]
[Site "Überlingen GER"]
[Date "2000.06.06"]
[Round "4"]
[White "de Wiljes, Jan-Hendrik"]
[Black "Berrang, Gerritt"]
[Result "1-0"]
[Termination "normal"]
[Board "6"]
[WhiteElo "1993"]
[BlackElo "1828"]
[PlyCount "57"]
[EventCountry "GER"]
[EventRounds "9"]
[EventType "swiss"]
[EventDate "2000.06.03"]

1. e4 c5 2. Nf3 e6 3. d4 cxd4 4. Nxd4 a6 5. Bd3 Qc7 6. Nd2 Nf6 7. O-O Be7 8.
Kh1 O-O 9. f4 Nc6 10. N2f3 Nxd4 11. Nxd4 d6 12. g4 e5 13. Nf5 Bxf5 14. gxf5 d5
15. fxe5 Qxe5 16. Bf4 Qd4 17. c3 Qb6 18. e5 Ne4 19. Qe2 f6 20. e6 Nc5 21. Rf3
Rfe8 22. Rg1 Bf8 23. Be3 Qc7 24. Bd4 Qe7 25. Rh3 Nxd3 26. Qh5 g6 27. Rxg6+ Bg7
28. Qxh7+ Kf8 29. Qh8+ 1-0

[Event "DEM U16 2000"]
[Site "Überlingen GER"]
[Date "2000.06.06"]
[Round "4"]
[White "Schlichthaar, Robert"]
[Black "Köpke, Christian"]
[Result "0-1"]
[Termination "normal"]
[Board "7"]
[WhiteElo "1925"]
[BlackElo "2164"]
[PlyCount "92"]
[WhiteFideId "4672763"]
[BlackFideId "4655737"]
[EventCountry "GER"]
[EventRounds "9"]
[EventType "swiss"]
[EventDate "2000.06.03"]

1. e4 c5 2. Nf3 d6 3. Bb5+ Bd7 4. Bxd7+ Qxd7 5. c4 Nc6 6. d4 cxd4 7. Nxd4 Nf6
8. Nc3 g6 9. O-O Bg7 10. Nde2 O-O 11. f3 Rfc8 12. b3 Rab8 13. Bb2 a6 14. Qd2 b5
15. cxb5 axb5 16. Nd5 Nxd5 17. exd5 Bxb2 18. Qxb2 Qa7+ 19. Kh1 Nb4 20. Qd2 Qa3
21. Qg5 Rb7 22. Ng3 Rc5 23. Rac1 Nxa2 24. Rxc5 Qxc5 25. Nf5 f6 26. Nh6+ Kg7 27.
Nf5+ Kg8 28. Nh6+ Kf8 29. Qd2 Nc3 30. Ra1 Rb8 31. b4 Qxb4 32. Rc1 Rc8 33. Qe3
Kg7 34. Qxe7+ Kxh6 35. Qe6 Qc5 36. Qh3+ Kg7 37. Qd7+ Kh6 38. Qh3+ Kg7 39. Qd7+
Kh8 40. Qe6 Rf8 41. Qe7 Kg8 42. Ra1 Qxd5 43. h3 Qe5 44. Qb7 Qd5 45. Qd7 Ne2 46.
Re1 Qe5 0-1

[Event "DEM U16 2000"]
[Site "Überlingen GER"]
[Date "2000.06.06"]
[Round "4"]
[White "Nguyen, Hoang"]
[Black "Zolotarew, Pawel"]
[Result "1-0"]
[Termination "normal"]
[Board "8"]
[WhiteElo "1955"]
[BlackElo "1832"]
[PlyCount "65"]
[EventCountry "GER"]
[EventRounds "9"]
[EventType "swiss"]
[EventDate "2000.06.03"]

1. d4 e6 2. Nf3 b6 3. g3 Nf6 4. Bg2 Bb7 5. O-O c5 6. e3 Be7 7. c4 Qc8 8. b3 O-O
9. Ba3 Na6 10. Nc3 Ne4 11. Nxe4 Bxe4 12. Nd2 Bxg2 13. Kxg2 Qb7+ 14. Qf3 Qxf3+
15. Nxf3 d5 16. cxd5 exd5 17. Rfd1 Rfd8 18. Rac1 f6 19. Rc2 Kf7 20. dxc5 bxc5
21. Rcd2 Ke6 22. Ne1 Nb4 23. Bxb4 cxb4 24. Nd3 g5 25. Rc2 Rac8 26. Rdc1 Rxc2
27. Rxc2 Rd7 28. Rc6+ Kf5 29. f3 h5 30. h3 Bd6 31. Ra6 Be7 32. g4+ Kg6 33. Ne5+
1-0

[Event "DEM U16 2000"]
[Site "Überlingen GER"]
[Date "2000.06.06"]
[Round "4"]
[White "Schlawin, Marlon"]
[Black "Kapp, Martin"]
[Result "1-0"]
[Termination "normal"]
[Board "9"]
[WhiteElo "1870"]
[BlackElo "1817"]
[PlyCount "91"]
[WhiteFideId "4675584"]
[EventCountry "GER"]
[EventRounds "9"]
[EventType "swiss"]
[EventDate "2000.06.03"]

1. e4 e6 2. d4 d5 3. e5 c5 4. c3 Nc6 5. Nf3 Qb6 6. a3 cxd4 7. cxd4 Bd7 8. b4
Nge7 9. Nc3 Nf5 10. Na4 Qd8 11. Nc5 Bxc5 12. dxc5 O-O 13. Bd3 f6 14. Bxf5 exf5
15. Qxd5+ Kh8 16. Bb2 Nxe5 17. Bxe5 fxe5 18. O-O-O Ba4 19. Qxd8 Raxd8 20. Rxd8
Rxd8 21. Nxe5 Rd5 22. Re1 Kg8 23. f4 a5 24. Re2 axb4 25. axb4 Rd4 26. Rd2 Rxd2
27. Kxd2 Kf8 28. Kc3 Bb5 29. Kd4 Ke7 30. Nf3 Bf1 31. g3 Kf6 32. Nd2 Bg2 33. Nc4
Ke6 34. Nd6 g6 35. Kc4 Bc6 36. Kd4 Bg2 37. Nc4 h6 38. h4 Kf6 39. b5 g5 40.
hxg5+ hxg5 41. c6 bxc6 42. b6 gxf4 43. Kc5 fxg3 44. b7 Bd5 45. b8=Q g2 46. Qe5+
1-0

[Event "DEM U16 2000"]
[Site "Überlingen GER"]
[Date "2000.06.06"]
[Round "4"]
[White "Buchwald, Stefan"]
[Black "Scalisi, Carmelo"]
[Result "1/2-1/2"]
[Termination "normal"]
[Board "10"]
[WhiteElo "1610"]
[BlackElo "1842"]
[PlyCount "97"]
[EventCountry "GER"]
[EventRounds "9"]
[EventType "swiss"]
[EventDate "2000.06.03"]

1. e4 c6 2. d4 g6 3. Nf3 Bg7 4. Nc3 d5 5. exd5 cxd5 6. Bb5+ Nc6 7. Ne5 Bxe5 8.
dxe5 d4 9. Bxc6+ bxc6 10. Ne2 c5 11. O-O Bb7 12. Re1 Qd5 13. Nf4 Qc6 14. f3 g5
15. Nh3 g4 16. Ng5 h6 17. Ne4 f5 18. exf6 Nxf6 19. Nxf6+ Qxf6 20. fxg4 e5 21.
Qe2 O-O 22. Bd2 Qc6 23. Rf1 e4 24. Rf5 Ba6 25. Qd1 e3 26. Be1 e2 27. Qd2 Rxf5
28. gxf5 Qe4 29. Qxh6 Qxf5 30. Bf2 Rf8 31. Qh4 Qf4 32. Qxf4 Rxf4 33. Re1 Re4
34. b3 Kf7 35. Bg3 Re3 36. Rc1 c4 37. Kf2 Re6 38. bxc4 Bxc4 39. a3 Kg6 40. Ke1
Kf5 41. Kd2 Ke4 42. Rb1 Rf6 43. Bh4 Rd6 44. Rb4 Kd5 45. Rb7 a6 46. Bg3 Rd8 47.
Re7 Kc6 48. Rc7+ Kd5 49. Re7 1/2-1/2

[Event "DEM U16 2000"]
[Site "Überlingen GER"]
[Date "2000.06.06"]
[Round "4"]
[White "Ladinzon, Igor"]
[Black "Kozul, Boris"]
[Result "1-0"]
[Termination "normal"]
[Board "11"]
[WhiteElo "2170"]
[BlackElo "1812"]
[PlyCount "121"]
[WhiteFideId "4663020"]
[EventCountry "GER"]
[EventRounds "9"]
[EventType "swiss"]
[EventDate "2000.06.03"]

1. e4 Nc6 2. d4 d5 3. exd5 Qxd5 4. Nf3 Bg4 5. Be2 O-O-O 6. Be3 e5 7. c3 Nf6 8.
O-O exd4 9. cxd4 Bd6 10. h3 h5 11. Nc3 Qf5 12. Nb5 g5 13. Nxd6+ Rxd6 14. hxg4
hxg4 15. Nxg5 Nxd4 16. Bxd4 Qf4 17. g3 Qxg5 18. Bxf6 Rxf6 19. Bxg4+ Kb8 20. Kg2
Rfh6 21. Rg1 f5 22. Bf3 Rh2+ 23. Kf1 Qh6 24. Qd5 Qa6+ 25. Be2 Qb6 26. Qxf5 Re8
27. Qf7 Rhh8 28. Qb3 Qh6 29. Bf3 c6 30. Rd1 Rhf8 31. Kg2 Re7 32. Rh1 Qf6 33.
Qc3 Qf5 34. Rh8 Ree8 35. Rxf8 Rxf8 36. Qd3 Qxd3 37. Rxd3 Kc7 38. Bg4 b5 39. f4
c5 40. Kf3 Kb6 41. Bh5 c4 42. Rd2 Kc5 43. g4 b4 44. Ke4 a5 45. g5 a4 46. f5 Rh8
47. Bf7 Rh4+ 48. Ke5 Rh3 49. Bxc4 Kxc4 50. g6 a3 51. bxa3 Rxa3 52. g7 Rg3 53.
f6 Kc3 54. Rf2 Re3+ 55. Kf4 Re6 56. Kg5 Re3 57. f7 Re5+ 58. Kf6 Rc5 59. f8=Q
Rc6+ 60. Ke5 Rc4 61. Qf3# 1-0

[Event "DEM U16 2000"]
[Site "Überlingen GER"]
[Date "2000.06.06"]
[Round "4"]
[White "Friedt, Eduard"]
[Black "Hintz, Bastian"]
[Result "0-1"]
[Termination "normal"]
[Board "12"]
[WhiteElo "1633"]
[BlackElo "1737"]
[PlyCount "76"]
[EventCountry "GER"]
[EventRounds "9"]
[EventType "swiss"]
[EventDate "2000.06.03"]

1. d4 d5 2. c4 e6 3. Nc3 c6 4. cxd5 exd5 5. Nf3 Bd6 6. Bg5 Ne7 7. e3 Bf5 8. Bd3
Bxd3 9. Qxd3 Nd7 10. O-O O-O 11. Rab1 f6 12. Bh4 f5 13. b4 b5 14. Rfc1 Nb6 15.
Ne2 Nc4 16. Bg3 Ng6 17. Bxd6 Qxd6 18. Nd2 f4 19. exf4 Nxf4 20. Nxf4 Qxf4 21.
Nf3 Rf6 22. Rc2 Raf8 23. Re1 Rg6 24. Ne5 Nxe5 25. Rxe5 Qg4 26. g3 Rh6 27. Kh1
Qh3 28. f3 Qxg3 29. Rg2 Qxf3 30. Qd2 Qf4 31. Qxf4 Rxf4 32. Re7 Rf1+ 33. Rg1
Rxg1+ 34. Kxg1 Rh4 35. Rxa7 Rxd4 36. Ra6 Rc4 37. a3 Kf7 38. Ra7+ Kf6 0-1

[Event "DEM U16 2000"]
[Site "Überlingen GER"]
[Date "2000.06.06"]
[Round "5"]
[White "Klinger, Sebastian"]
[Black "Helm, Leonie"]
[Result "1/2-1/2"]
[Termination "normal"]
[Board "1"]
[WhiteElo "2172"]
[BlackElo "2157"]
[PlyCount "32"]
[WhiteFideId "4667549"]
[BlackFideId "4656741"]
[EventCountry "GER"]
[EventRounds "9"]
[EventType "swiss"]
[EventDate "2000.06.03"]

1. Nf3 Nf6 2. g3 g6 3. Bg2 Bg7 4. d3 d6 5. O-O O-O 6. e4 c5 7. Nc3 Nc6 8. Nh4
Nd4 9. h3 Rb8 10. a4 a6 11. f4 e6 12. Be3 b5 13. axb5 Nxb5 14. Qd2 Nd4 15. Ra2
Nh5 16. Qf2 f5 1/2-1/2

[Event "DEM U16 2000"]
[Site "Überlingen GER"]
[Date "2000.06.06"]
[Round "5"]
[White "Gasthofer, Alexander"]
[Black "Rau, Hannes"]
[Result "0-1"]
[Termination "normal"]
[Board "2"]
[WhiteElo "2212"]
[BlackElo "2227"]
[PlyCount "144"]
[WhiteFideId "4655150"]
[BlackFideId "4657594"]
[EventCountry "GER"]
[EventRounds "9"]
[EventType "swiss"]
[EventDate "2000.06.03"]

1. Nf3 e6 2. g3 c5 3. Bg2 Nf6 4. O-O Nc6 5. d4 b6 6. c4 cxd4 7. Nxd4 Bb7 8. Bf4
a6 9. Nxc6 Bxc6 10. Nc3 Bxg2 11. Kxg2 Be7 12. e4 d6 13. Qa4+ Qd7 14. f3 O-O 15.
Qxd7 Nxd7 16. Rfd1 Rfd8 17. Rd2 g5 18. Be3 Rdc8 19. Na4 Rab8 20. b3 b5 21. Nb2
Bf6 22. Bd4 Rc6 23. Rad1 Bxd4 24. Rxd4 Rbb6 25. R1d2 Kf8 26. cxb5 axb5 27. Nd3
Ke7 28. Nb4 Rc3 29. R4d3 Rc1 30. Rd1 Rc8 31. R3d2 Ne5 32. Nd3 Nxd3 33. Rxd3 Ra6
34. R1d2 Rc1 35. Re2 Rac6 36. Rdd2 R6c3 37. Kf2 Rh1 38. Kg2 Rcc1 39. Rc2 Rcf1
40. Re3 h5 41. Kh3 Rc1 42. Rec3 Rxc2 43. Rxc2 Ra1 44. Kg2 d5 45. exd5 exd5 46.
Kf2 Kd6 47. Ke3 f6 48. Kd3 b4 49. Ke3 Ke5 50. Kd3 Rd1+ 51. Ke2 Rh1 52. Kd3 h4
53. Re2+ Kd6 54. Ke3 h3 55. Kd3 f5 56. Ke3 Rg1 57. Rc2 Re1+ 58. Kf2 Re8 59. Rd2
Rc8 60. Re2 d4 61. Rd2 Kd5 62. Ke2 Re8+ 63. Kf2 Re3 64. Rd1 g4 65. fxg4 fxg4
66. Re1 Rxe1 67. Kxe1 Ke4 68. Ke2 d3+ 69. Kd2 Kd4 70. Kd1 Kc3 71. Kc1 d2+ 72.
Kd1 Kd3 0-1

[Event "DEM U16 2000"]
[Site "Überlingen GER"]
[Date "2000.06.06"]
[Round "5"]
[White "Feige, Manuel"]
[Black "Jenull, Marco"]
[Result "1-0"]
[Termination "normal"]
[Board "3"]
[WhiteElo "2246"]
[BlackElo "2180"]
[PlyCount "47"]
[WhiteFideId "4656350"]
[BlackFideId "4651529"]
[EventCountry "GER"]
[EventRounds "9"]
[EventType "swiss"]
[EventDate "2000.06.03"]

1. d4 d5 2. c4 e6 3. Nc3 c6 4. Nf3 Nf6 5. e3 Nbd7 6. Bd3 dxc4 7. Bxc4 b5 8. Bd3
b4 9. Na4 Be7 10. e4 Qa5 11. O-O Ba6 12. Bxa6 Qxa6 13. e5 Nd5 14. Bg5 N5b6 15.
Nxb6 Qxb6 16. Bxe7 Kxe7 17. Qd3 Rhd8 18. Qxh7 Rh8 19. Qe4 c5 20. Rfd1 Rad8 21.
Qg4 c4 22. Qg5+ Kf8 23. d5 f6 24. Qf4 1-0

[Event "DEM U16 2000"]
[Site "Überlingen GER"]
[Date "2000.06.06"]
[Round "5"]
[White "Balcerak, Philipp"]
[Black "Zentgraf, Robert"]
[Result "0-1"]
[Termination "normal"]
[Board "5"]
[WhiteElo "2073"]
[BlackElo "1744"]
[PlyCount "108"]
[WhiteFideId "4655036"]
[BlackFideId "4676483"]
[EventCountry "GER"]
[EventRounds "9"]
[EventType "swiss"]
[EventDate "2000.06.03"]

1. e4 c5 2. Nf3 d6 3. d4 cxd4 4. Nxd4 Nf6 5. Nc3 g6 6. Be3 Bg7 7. f3 O-O 8. Qd2
Nc6 9. O-O-O Nxd4 10. Bxd4 Be6 11. Kb1 Qc7 12. h4 Rfc8 13. h5 Qa5 14. h6 Bh8
15. g4 Rxc3 16. Qxc3 Qxa2+ 17. Kc1 Bxg4 18. Bc4 Qa4 19. Bb3 Qa6 20. Kb1 Rc8 21.
Qe3 Be6 22. Bxe6 fxe6 23. b3 e5 24. Bb2 Qc6 25. Rh2 Qc5 26. Qxc5 Rxc5 27. c3
Nh5 28. Kc2 Bf6 29. Bc1 a6 30. Be3 Rc8 31. b4 Nf4 32. Kb3 Ne6 33. Rg2 Kf7 34.
Ra2 Bg5 35. Bxg5 Nxg5 36. b5 axb5 37. Ra7 Ke6 38. Rxb7 Nxf3 39. Rxb5 g5 40. Ra5
Kf6 41. Kc2 Kg6 42. Ra7 Re8 43. Kd3 Kxh6 44. Ke3 g4 45. c4 Kg5 46. Rc7 h5 47.
c5 dxc5 48. Rxc5 h4 49. Rf1 Ra8 50. Rc7 Ra3+ 51. Ke2 Kf4 52. Rxe7 Kxe4 53. Rc1
Ra2+ 54. Kf1 Kf4 0-1